000 03506nam a22004097a 4500
005 2010081201081.0
010 _aB-407700-717
020 _a9780007277124
_c325.00
035 _aB-407700-717
037 _bAakar Books
082 _aS
100 _aParsons, Tony
_911482
245 _aMy favourite wife /
_cby Tony Parsons
260 _aLondon
_bHarperCollins Publishers
_c2008
270 _a77-85 Fulham Place Road, Hammersmith
_bLondon
300 _a405p.
_c23cm(pbk)
942 _2ddc
_cEN
_mPAR
_hS
999 _c35174
_d35174